000 00828nam a22002538i 4500
001 016328568
003 OSt
005 20141209145158.0
008 130422s2013 xxkadk frb f001 0 eng d
020 _a9781107616356 (pbk.)
040 _aStDuBDS
_beng
_cStDuBDS
_dEG-ScBUE
082 0 0 _a330.122
_222
_bPRY
100 1 _aPryor, Frederic L.
_936834
245 1 0 _aCapitalism reassessed /
_cFrederic L. Pryor.
260 _aCambridge, United Kingdom :
_bCambridge University Press,
_c2013.
300 _axi, 270 p. :
_bcharts, forms, tables ;
_c22 cm.
500 _aIndex : p. 265-270.
504 _aBibliography : p. 247-264.
650 0 _aCapitalism
_vCase studies
_936836
650 0 _aCapitalism
_vCross-cultural studies
_936837
653 _bBUSADM
_cDecember2014
655 _vreading book
_934232
942 _2ddc
_k330.122 PRY
999 _c18737
_d18709